[Event "Canarias-ch (Women)"]
[Site "Las Palmas"]
[Date "2012.04.21"]
[Round "3"]
[White "Rodriguez Perez, Jezabel"]
[Black "Climent Benitez, Africa"]
[Result "1-0"]
[WhiteElo "1902"]
[BlackElo "1372"]
[PlyCount "29"]
[EventDate "2012.04.20"]
[EventType "swiss"]
[EventRounds "6"]
[EventCountry "ESP"]
[SourceTitle "CBM 148 Extra"]
[Source "ChessBase"]
[SourceDate "2012.06.22"]
[SourceVersion "1"]
[SourceVersionDate "2012.06.22"]
[SourceQuality "1"]

1. Nf3 Nf6 2. d4 d5 3. h3 e6 4. Bf4 Nbd7 5. c3 b6 6. e3 Bb7 7. Nbd2 Be7 8. Bd3 0-0 9. 0-0 Rc8 10. Qe2 c5 11. Ne5 Nxe5 12. dxe5 Nd7 13. Qg4 Re8 14. Bh6 g6 15. f4 1-0

[Event "Las Palmas Insular-chT Primera-B"]
[Site "Las Palmas"]
[Date "2012.03.10"]
[Round "12.3"]
[White "Tejera Santana, Santiago"]
[Black "Rodriguez Perez, Jezabel"]
[Result "1/2-1/2"]
[WhiteElo "1941"]
[BlackElo "1902"]
[PlyCount "67"]
[EventDate "2011.11.12"]
[EventType "team-tourn"]
[EventRounds "14"]
[EventCountry "ESP"]
[SourceTitle "EXT 2013"]
[Source "ChessBase"]
[SourceDate "2012.11.22"]
[SourceVersion "1"]
[SourceVersionDate "2012.11.22"]
[SourceQuality "1"]
[WhiteTeam "Canarias de Vecindario II"]
[BlackTeam "Grandama"]
[WhiteTeamCountry "ESP"]
[BlackTeamCountry "ESP"]

1. d4 e6 2. e3 d5 3. Bd3 c5 4. c3 Nc6 5. Nd2 Nf6 6. f4 c4 7. Bc2 b5 8. Ngf3 Bd6 9. Ne5 Bb7 10. Qf3 Ne7 11. g4 g6 12. 0-0 Qc7 13. a4 Qa5 14. h4 b4 15. Ndxc4 dxc4 16. Qxb7 Rb8 17. Nxc4 Rxb7 18. Nxa5 Rc7 19. g5 bxc3 20. b3 Nfd5 21. Nc4 Bb4 22. a5 Nc6 23. e4 Nxd4 24. Bd3 Nxb3 25. Rb1 Nxc1 26. Rfxc1 Bc5+ 27. Kf1 Ne7 28. Rb8+ Nc8 29. Rxc3 0-0 30. Rcb3 Nd6 31. Rxf8+ Kxf8 32. Rb8+ Kg7 33. Ke2 Nxc4 34. Bxc4 1/2-1/2

[Event "Las Palmas Insular-chT Primera-B"]
[Site "Las Palmas"]
[Date "2012.01.21"]
[Round "6.2"]
[White "Rodriguez Perez, Jezabel"]
[Black "Ramirez Medina, Victor"]
[Result "1/2-1/2"]
[WhiteElo "1902"]
[BlackElo "1853"]
[PlyCount "95"]
[EventDate "2011.11.12"]
[EventType "team-tourn"]
[EventRounds "14"]
[EventCountry "ESP"]
[SourceTitle "EXT 2013"]
[Source "ChessBase"]
[SourceDate "2012.11.22"]
[SourceVersion "1"]
[SourceVersionDate "2012.11.22"]
[SourceQuality "1"]
[WhiteTeam "Grandama"]
[BlackTeam "Piscolabis Oleaje San Andres"]
[WhiteTeamCountry "ESP"]
[BlackTeamCountry "ESP"]

1. Nf3 Nf6 2. d4 d5 3. Bf4 c6 4. e3 Qb6 5. Qc1 Bf5 6. c3 e6 7. Nbd2 Nbd7 8. Be2 Be7 9. Nh4 Bg6 10. Nxg6 hxg6 11. h3 c5 12. Rb1 Rc8 13. Qd1 0-0 14. h4 Bd6 15. Bg5 cxd4 16. exd4 e5 17. dxe5 Nxe5 18. 0-0 Rfe8 19. Nb3 Nc4 20. Bf3 Ne4 21. Qc2 Bb8 22. Rbd1 Qe6 23. Nd4 Qe5 24. g3 Nxg5 25. hxg5 Qxg5 26. Bg2 Rcd8 27. Nf3 Qf6 28. Rfe1 Nb6 29. Qb3 Qc6 30. Nd4 Qc4 31. Qxc4 Nxc4 32. Rxe8+ Rxe8 33. Bxd5 Nd6 34. c4 b6 35. Nc6 a5 36. Nxb8 Rxb8 37. Re1 Kf8 38. Kg2 Re8 39. Rd1 Rd8 40. b3 Ke7 41. Re1+ Kf6 42. Re3 Re8 43. Rf3+ Ke7 44. Bc6 Rd8 45. Re3+ Kf6 46. Rf3+ Ke7 47. Re3+ Kf6 48. Rd3 1/2-1/2

[Event "Vecindario Canarias op 4th"]
[Site "Vecindario"]
[Date "2010.07.19"]
[Round "3"]
[White "Barlov, Dragan"]
[Black "Rodriguez Perez, Jezabel"]
[Result "1-0"]
[WhiteElo "2493"]
[BlackElo "1905"]
[PlyCount "59"]
[EventDate "2010.07.18"]
[EventType "swiss"]
[EventRounds "9"]
[EventCountry "ESP"]
[SourceTitle "CBM 137 Extra"]
[Source "ChessBase"]
[SourceDate "2010.09.01"]
[SourceVersion "1"]
[SourceVersionDate "2010.09.01"]
[SourceQuality "1"]

1. d4 Nf6 2. c4 g6 3. Nf3 Bg7 4. g3 0-0 5. Bg2 d5 6. 0-0 Nc6 7. cxd5 Nxd5 8. e4 Nb6 9. d5 Na5 10. Qd2 Nac4 11. Qc2 Bd7 12. Nc3 Qc8 13. a4 a5 14. b3 Ne5 15. Nxe5 Bxe5 16. Be3 Ra6 17. Rac1 c6 18. dxc6 bxc6 19. Rfd1 Bh3 20. Nb1 Bxg2 21. Kxg2 Na8 22. Na3 Qe6 23. Qd3 Nc7 24. Nc4 Bf6 25. Bb6 Qc8 26. Be3 Ne6 27. Nb6 Qb7 28. Nd7 Rd8 29. Qc4 Bg5 30. Nc5 1-0

[Event "Gran Canaria op 3rd"]
[Site "Gran Canaria"]
[Date "2009.07.18"]
[Round "6"]
[White "Rodriguez Perez, Jezabel"]
[Black "Perez Barreto, Adrian"]
[Result "1-0"]
[WhiteElo "1942"]
[BlackElo "1542"]
[PlyCount "61"]
[EventDate "2009.07.13"]
[EventType "swiss"]
[EventRounds "7"]
[EventCountry "ESP"]
[SourceTitle "CBM 131 Extra"]
[Source "ChessBase"]
[SourceDate "2009.09.03"]
[SourceVersion "2"]
[SourceVersionDate "2009.09.16"]
[SourceQuality "1"]

1. d4 Nf6 2. Nf3 g6 3. Nbd2 d5 4. c3 Bg7 5. Qc2 Nbd7 6. e4 dxe4 7. Nxe4 Nxe4 8. Qxe4 Nf6 9. Qh4 h6 10. Ne5 Bf5 11. Bc4 e6 12. f3 g5 13. Qf2 Qd6 14. g4 Bh7 15. h4 gxh4 16. Rxh4 Bg6 17. Qh2 Nd7 18. Nxg6 Qxh2 19. Rxh2 fxg6 20. Bxe6 Nb6 21. Bf4 c6 22. Re2 Kd8 23. Kf2 g5 24. Bd6 Re8 25. Rae1 Nc8 26. Ba3 Kc7 27. Bxc8 Rxe2+ 28. Rxe2 Bxd4+ 29. cxd4 Rxc8 30. Re7+ Kb6 31. Rh7 1-0

[Event "Gran Canaria op 3rd"]
[Site "Gran Canaria"]
[Date "2009.07.14"]
[Round "2"]
[White "Rodriguez Perez, Jezabel"]
[Black "Lajthajm, Borko"]
[Result "0-1"]
[WhiteElo "1942"]
[BlackElo "2484"]
[PlyCount "78"]
[EventDate "2009.07.13"]
[EventType "swiss"]
[EventRounds "7"]
[EventCountry "ESP"]
[SourceTitle "CBM 131 Extra"]
[Source "ChessBase"]
[SourceDate "2009.09.03"]
[SourceVersion "2"]
[SourceVersionDate "2009.09.16"]
[SourceQuality "1"]

1. Nf3 e6 2. d4 Nf6 3. Bf4 c5 4. c3 cxd4 5. cxd4 Nc6 6. Nc3 Bb4 7. Qc2 Qa5 8. Bd2 d5 9. e3 Bd7 10. Bd3 Rc8 11. a3 Be7 12. 0-0 Qd8 13. Qd1 a6 14. Rc1 Na5 15. Ne5 b5 16. Nxd7 Nxd7 17. Rc2 Nc4 18. Bc1 f5 19. f3 0-0 20. e4 Ndb6 21. e5 Nd7 22. Ne2 Qb6 23. Kh1 h6 24. Qe1 Bg5 25. f4 Be7 26. Rf3 h5 27. Qf2 g6 28. Qg3 Kf7 29. Qf2 a5 30. h3 Qb7 31. Nc3 b4 32. axb4 axb4 33. Nd1 b3 34. Re2 Ncxe5 35. fxe5 Rxc1 36. Re1 Qb4 37. g4 hxg4 38. hxg4 Rh8+ 39. Kg2 Bh4 0-1